000 00694nam a2200241Ia 4500
003 OSt
005 20250628094928.0
008 210423s2007 xx 000 0 und d
020 _a978-1-59059-905-1
040 _cAL
041 _aeng
082 _a006.5
_223
_bGEOP
100 _aMichael W Geoghegan
_980965
245 _aPodcast solutions
_b: the complete guide to audio and video podcasting
250 _a2
260 _aAmerica
_bFriendsofed
_c2007
300 _axxiv,255
_bPB
365 _b1676.83
_cUSD
650 _aComputer Methods
_980966
700 _aKlass, Dan
_9216434
906 _aaudio ; complete ; guide ; Podcast ; podcasting ; solutions: ; video
942 _2ddc
_cBK
999 _c168948
_d168948